000 00678cam a22001937a 4500
008 180718b2000 xxu||||| |||| 00| 0 eng d
082 _aPx54 Su41
100 _aSujatha, K.
245 _aEducation among tribals
_cby K. Sujatha
260 _aNew Delhi
_bNational Institute of Educational Planning and Administration
_c2000
300 _a58+p.
440 _aYear 2000 assessment: education for all
650 _aTribes - India
650 _aEducation - India
700 _aUnesco
700 _aIndian National Commission for Cooperation
700 _aIndia. Ministry of Human Resource Development
700 _aNational Institute of Educational Planning and Administration
999 _c490378
_d490378